Cells, tissues, and disease : principles of general pathology /

Bibliographic Details
Main Author: Majno, Guido
Other Authors: Joris, Isabelle
Format: Book
Language:English
Published: New York : Oxford University Press, 2004.
Edition:Second edition.
Subjects:

MARC

Tag First Indicator Second Indicator Subfields
LEADER 00000pam a22000004a 4500
001 in00004499708
005 20191203131231.0
008 030428s2004 nyua b 001 0 eng
010 |a  2003050657 
015 |a GBA4-Z9884 
016 7 |a 101176798  |2 DNLM 
020 |a 0195140907 (cloth : alk. paper) 
035 |a (OCoLC)ocm52166527 
035 |z (UtOrBLW)37566 
035 |a 54594 
040 |a DNLM/DLC  |c DLC  |d YDX  |d NLM  |d UKM  |d TMV  |d UtOrBLW 
042 |a pcc 
049 |a TMVM  |c 1 
050 0 0 |a RB111  |b .M265 2004 
060 1 0 |a QZ 4  |b M233c 2004 
082 0 0 |a 616.07  |2 21 
100 1 |a Majno, Guido. 
245 1 0 |a Cells, tissues, and disease :  |b principles of general pathology /  |c Guido Majno, Isabelle Joris. 
246 3 0 |a Principles of general pathology 
250 |a Second edition. 
264 1 |a New York :  |b Oxford University Press,  |c 2004. 
300 |a xxviii, 1005 pages :  |b illustrations (some color) ;  |c 29 cm. 
336 |a text  |2 rdacontent  |b txt 
337 |a unmediated  |2 rdamedia 
338 |a volume  |2 rdacarrier  |b nc 
504 |a Includes bibliographical references and index. 
505 0 |a Cellular pathology -- Inflammation -- Immunopathology -- Vascular disturbances -- Tumors 
650 2 |a Histology. 
650 2 |a Pathology. 
700 1 |a Joris, Isabelle. 
948 |a PO 8808 
948 |a AE: QZ 4 M233c 1996 (1/45) 
999 |a MARS 
999 f f |s bfb9f26e-b701-3665-b1be-59a13dce2165  |i f4c8f917-ad8c-360e-bb7b-2a8fbb0ee9c9  |t 0 
952 f f |p ric  |a Texas A&M University  |b Rellis Campus  |c Joint Library Facility  |d Remote Storage  |t 0  |e QZ 4 M233c 2004  |h National Library of Medicine classification  |i unmediated -- volume  |m 323890187398I 
998 f f |a QZ 4 M233c 2004  |t 0  |l Remote Storage